[Event "HEM 2015 B Turnier"]
[Site "Frankfurt-Sossenheim"]
[Date "2015.??.??"]
[Round "4.1"]
[White "Hafensteiner, Tim"]
[Black "Zalewski, Ulrich"]
[Result "1/2-1/2"]
[WhiteElo "1689"]
[BlackElo "1838"]
[PlyCount "51"]
[EventDate "2015.??.??"]
[WhiteTeam "Biebertaler SF"]
[BlackTeam "SK Gießen"]

1. e4 e5 2. Nf3 Nf6 3. d4 Nxe4 4. Bd3 d5 5. Nxe5 Nd7 6. O-O Bd6 7. f4 O-O 8.
Nc3 Nxc3 9. bxc3 Nf6 10. c4 dxc4 11. Bxc4 Be6 12. Bd3 Bd5 13. Re1 Bb4 14. Bd2
Bxd2 15. Qxd2 b6 16. Qf2 Bb7 17. c3 Qd6 18. Re3 c5 19. Rh3 cxd4 20. cxd4 Rfd8
21. Rd1 Rac8 22. Qh4 Qxd4+ 23. Kh1 Be4 24. Rg3 Kf8 25. Qg5 Ne8 26. Qh5 1/2-1/2

[Event "HEM 2015 B Turnier"]
[Site "Frankfurt-Sossenheim"]
[Date "2015.??.??"]
[Round "4.2"]
[White "Kuersten, Susanne"]
[Black "Juhnke, Peter"]
[Result "0-1"]
[WhiteElo "1786"]
[BlackElo "1900"]
[PlyCount "62"]
[EventDate "2015.??.??"]
[WhiteTeam "SV Lok Engelsdorf"]
[BlackTeam "SC Eschborn"]

1. e4 e6 2. d4 d5 3. exd5 exd5 4. Nf3 Nc6 5. Bd3 Bd6 6. O-O Nge7 7. Re1 Bg4 8.
c3 Qd7 9. Bg5 f6 10. Bh4 O-O-O 11. Nbd2 h5 12. Bg3 Bxg3 13. fxg3 h4 14. gxh4
Rxh4 15. Qc2 Rh6 16. b4 Kb8 17. Qa4 g6 18. Bb5 Qd6 19. Re2 Bd7 20. Rae1 g5 21.
g3 Ng6 22. Qb3 g4 23. Nh4 Nxh4 24. gxh4 Rxh4 25. Nf1 Nxd4 26. cxd4 Bxb5 27. Re6
Qf4 28. Qb2 Rdh8 29. Ng3 Qxg3+ 30. hxg3 Rh1+ 31. Kf2 R1h2+ 0-1

[Event "HEM 2015 B Turnier"]
[Site "Frankfurt-Sossenheim"]
[Date "2015.??.??"]
[Round "4.3"]
[White "Alonzo, Desi"]
[Black "Grzeschniok, Anton"]
[Result "1/2-1/2"]
[WhiteElo "1699"]
[BlackElo "1895"]
[PlyCount "42"]
[EventDate "2015.??.??"]
[WhiteTeam "SK Herborn"]
[BlackTeam "SC Eschborn"]

1. Nf3 Nf6 2. c4 c5 3. Nc3 Nc6 4. g3 g6 5. Bg2 Bg7 6. O-O O-O 7. e3 d5 8. cxd5
Nxd5 9. Nxd5 Qxd5 10. Nd4 Qd6 11. Nxc6 bxc6 12. Qa4 Bd7 13. Rb1 Rfb8 14. a3 Rb6
15. b4 cxb4 16. axb4 c5 17. bxc5 Bxa4 18. cxd6 Rxb1 19. Bxa8 exd6 20. Ba3 Rxf1+
21. Kxf1 Bf8 1/2-1/2

[Event "HEM 2015 B Turnier"]
[Site "Frankfurt-Sossenheim"]
[Date "2015.??.??"]
[Round "4.4"]
[White "Launert, Martin"]
[Black "Weber, Simon"]
[Result "0-1"]
[WhiteElo "1871"]
[BlackElo "1407"]
[PlyCount "84"]
[EventDate "2015.??.??"]
[WhiteTeam "Sfr. Erbach"]
[BlackTeam "SC Langenbieber"]

1. e4 d5 2. exd5 Qxd5 3. Nc3 Qa5 4. d4 Nf6 5. Nf3 Bg4 6. h3 Bh5 7. Be2 e6 8.
Ne5 Bxe2 9. Qxe2 Bb4 10. Bd2 Nbd7 11. Nxd7 Nxd7 12. O-O O-O 13. Qf3 Bxc3 14.
Bxc3 Qd5 15. Qg3 Qd6 16. Qxd6 cxd6 17. Bb4 Rfc8 18. Bxd6 Rxc2 19. Rab1 Rac8 20.
Bb4 R2c4 21. Bc3 Nf6 22. f4 Nd5 23. Rf3 b6 24. Rc1 h6 25. Kf2 b5 26. Rb1 b4 27.
Be1 Rxd4 28. Kg3 a5 29. a3 Rcc4 30. axb4 axb4 31. f5 e5 32. b3 Rc2 33. Ra1 Nf4
34. Rf2 Rd3+ 35. Kh2 Rxf2 36. Bxf2 Rxb3 37. Ra8+ Kh7 38. g3 Nd3 39. Be3 Rb2+
40. Kg1 Rb1+ 41. Kg2 b3 42. Kf3 b2 0-1

[Event "HEM 2015 B Turnier"]
[Site "Frankfurt-Sossenheim"]
[Date "2015.??.??"]
[Round "4.5"]
[White "Schellen, Sven"]
[Black "Henninger, Sascha"]
[Result "1/2-1/2"]
[WhiteElo "1797"]
[BlackElo "1777"]
[PlyCount "146"]
[EventDate "2015.??.??"]
[WhiteTeam "SF Frankfurt"]
[BlackTeam "SC Sulzbach"]

1. d4 Nf6 2. c4 e6 3. Nf3 c5 4. Nc3 cxd4 5. Nxd4 a6 6. g3 Nc6 7. Bg2 Bc5 8. Nc2
O-O 9. O-O Qe7 10. Bg5 h6 11. Bxf6 Qxf6 12. Ne4 Qe7 13. Nxc5 Qxc5 14. Qd3 Rb8
15. Qc3 b5 16. b4 Qxc4 17. Qxc4 bxc4 18. Bxc6 dxc6 19. Rfd1 Bb7 20. Rd7 Rfd8
21. Rad1 Rxd7 22. Rxd7 c5 23. a3 Be4 24. Ne3 cxb4 25. axb4 Rxb4 26. f3 Bc6 27.
Rc7 Bb5 28. Kf2 Kf8 29. f4 a5 30. f5 Rb2 31. fxe6 fxe6 32. Nd1 Rc2 33. Rc5 Rc1
34. Rxb5 Rxd1 35. Rxa5 c3 36. Rc5 Rc1 37. Rc7 c2 38. Kg2 Ke8 39. Kf2 Kd8 40.
Rc3 Ke7 41. h4 Kf6 42. Rc8 Kf5 43. Rc7 g5 44. hxg5 hxg5 45. Rc4 e5 46. Rc5 Kg4
47. Rc8 e4 48. Kg2 e3 49. Rc7 Kf5 50. Rc8 Ke5 51. Rc7 Kd4 52. Rc8 Rd1 53. Rxc2
Rd2 54. Rc8 Rxe2+ 55. Kf1 Rh2 56. Rd8+ Ke4 57. Re8+ Kf3 58. Kg1 Rg2+ 59. Kh1
Rxg3 60. Kh2 Rg2+ 61. Kh3 Rd2 62. Rf8+ Ke2 63. Kg3 Kd1 64. Rf1+ Kc2 65. Kf3 Kd3
66. Ra1 Rf2+ 67. Kg3 Rf4 68. Ra3+ Kd2 69. Ra2+ Kc1 70. Re2 Re4 71. Kf3 Re6 72.
Rxe3 g4+ 73. Ke2 Rxe3+ 1/2-1/2

[Event "HEM 2015 B Turnier"]
[Site "Frankfurt-Sossenheim"]
[Date "2015.??.??"]
[Round "4.6"]
[White "Weber, Andreas"]
[Black "Will, Steffen"]
[Result "1-0"]
[WhiteElo "1869"]
[BlackElo "1705"]
[PlyCount "113"]
[EventDate "2015.??.??"]
[WhiteTeam "SC Flörsheim"]
[BlackTeam "SC Bad Nauheim"]

1. e4 c5 2. d4 cxd4 3. c3 dxc3 4. Nxc3 Nc6 5. Nf3 d6 6. Bc4 g6 7. h3 Bg7 8. O-O
Bd7 9. Ng5 Ne5 10. Bb3 h6 11. Nf3 Nc6 12. Qe2 a6 13. Rd1 Rc8 14. a3 Nf6 15. Bf4
O-O 16. e5 dxe5 17. Nxe5 Qe8 18. Nxg6 Bf5 19. Nxf8 Qxf8 20. Rac1 Bg6 21. Nd5 e6
22. Nxf6+ Bxf6 23. Qe3 Kh7 24. Bc2 Bxb2 25. Bxg6+ Kxg6 26. Rb1 Qxa3 27. Rd3 Qa2
28. Rbd1 Ne7 29. Qe4+ Kg7 30. Qxb7 Bf6 31. Rg3+ Kh7 32. Bd6 Qc2 33. Rgd3 Qc6
34. Qb1 Ng6 35. Ba3 Rc7 36. Rc1 Qb7 37. Rb3 Rxc1+ 38. Bxc1 Qd5 39. Rd3 Qe4 40.
Qc2 Kg7 41. Rd2 Qe1+ 42. Kh2 Nh4 43. Rd1 Qe5+ 44. f4 Qb5 45. Qd3 Qb7 46. Rd2 e5
47. Qg3+ Kh7 48. fxe5 Bg5 49. Rd1 Qe7 50. Bxg5 hxg5 51. Qd3+ Kg7 52. Qd6 Nf5
53. Qxe7 Nxe7 54. Ra1 Nc6 55. e6 fxe6 56. Rxa6 Nd8 57. Rd6 1-0

[Event "HEM 2015 B Turnier"]
[Site "Frankfurt-Sossenheim"]
[Date "2015.??.??"]
[Round "4.7"]
[White "Anhalt, Albert"]
[Black "Goebel, Knut"]
[Result "0-1"]
[WhiteElo "1896"]
[BlackElo "1728"]
[PlyCount "96"]
[EventDate "2015.??.??"]
[WhiteTeam "SG Idstein"]
[BlackTeam "SC Ober-Ramstadt"]

1. e4 c6 2. d4 d5 3. f3 dxe4 4. fxe4 e5 5. Nf3 Bg4 6. c3 Bxf3 7. Qxf3 exd4 8.
Bc4 Qf6 9. O-O Qxf3 10. Rxf3 Nf6 11. cxd4 Nbd7 12. Nc3 Nb6 13. Bb3 Be7 14. a4
a5 15. Be3 Bd8 16. d5 cxd5 17. exd5 O-O 18. d6 Nbd7 19. Bd4 Bb6 20. Bxb6 Nxb6
21. Rd1 Nbd7 22. Rf5 Rfe8 23. Rb5 b6 24. Bd5 Rac8 25. Bb7 Rc5 26. Rb3 Re3 27.
Bf3 Rc4 28. Kf2 Re5 29. Nd5 Nxd5 30. Bxd5 Rc5 31. Bf3 g6 32. Rd2 Kf8 33. Rbd3
f5 34. b3 Kg7 35. Bd5 Kf6 36. Bc4 Rc8 37. Rh3 h5 38. Re3 g5 39. Ba6 Rd8 40. Bb5
Nc5 41. Rd4 Rxe3 42. Kxe3 Nxb3 43. Rd1 Ke5 44. Bc4 f4+ 45. Kf2 Nc5 46. Rd5+ Kf6
47. Kf3 Nxa4 48. Ke4 Nc3+ 0-1

[Event "HEM 2015 B Turnier"]
[Site "Frankfurt-Sossenheim"]
[Date "2015.??.??"]
[Round "4.8"]
[White "Wachsmann, Dietmar"]
[Black "Rafiee, Kayvan"]
[Result "1/2-1/2"]
[WhiteElo "1743"]
[BlackElo "1861"]
[PlyCount "31"]
[EventDate "2015.??.??"]
[WhiteTeam "SC Groß-Umstadt"]
[BlackTeam "Kasseler SK"]

1. e4 c5 2. f4 Nc6 3. Nf3 g6 4. Be2 Bg7 5. O-O e6 6. d3 Nge7 7. c3 d5 8. Be3 b6
9. Qc2 Bb7 10. Nbd2 Rc8 11. Kh1 O-O 12. Rae1 Qd7 13. Ng1 f5 14. e5 d4 15. Bf2
Nd5 16. Nh3 1/2-1/2

[Event "HEM 2015 B Turnier"]
[Site "Frankfurt-Sossenheim"]
[Date "2015.??.??"]
[Round "4.9"]
[White "Warnk, Torsten"]
[Black "Martens, Nick"]
[Result "1-0"]
[WhiteElo "1845"]
[BlackElo "1697"]
[PlyCount "95"]
[EventDate "2015.??.??"]
[WhiteTeam "Sges Bensheim"]
[BlackTeam "SF Battenberg"]

1. d4 d6 2. Nf3 g6 3. e3 Bg7 4. c4 Nd7 5. Nc3 e5 6. d5 Ne7 7. e4 O-O 8. Be2 f5
9. Ng5 Nf6 10. exf5 Bxf5 11. O-O h6 12. Nf3 b6 13. Nh4 Bd7 14. Bd3 g5 15. Ng6
Nxg6 16. Bxg6 Be8 17. Qc2 Bxg6 18. Qxg6 Nh7 19. Ne4 Nf6 20. Ng3 Qe8 21. Qxe8
Rfxe8 22. Nf5 Kh7 23. Be3 Bf8 24. b4 a5 25. a3 Kg6 26. Ng3 Ng4 27. Bd2 axb4 28.
axb4 Bg7 29. Ne4 Nf6 30. f3 Kf5 31. Nc3 Rec8 32. Nb5 Rxa1 33. Rxa1 e4 34. Ra7
Ne8 35. Be3 exf3 36. gxf3 Be5 37. Kg2 h5 38. h3 g4 39. Ra2 gxf3+ 40. Kxf3 c6
41. Na7 Rb8 42. Nxc6 Rb7 43. Ra7 Rxa7 44. Nxa7 Bc3 45. Nc6 b5 46. cxb5 Nc7 47.
b6 Na6 48. b5 1-0

[Event "HEM 2015 B Turnier"]
[Site "Frankfurt-Sossenheim"]
[Date "2015.??.??"]
[Round "4.10"]
[White "Saluvar, Buelent"]
[Black "Slobodetski, Oleg"]
[Result "1/2-1/2"]
[WhiteElo "1718"]
[BlackElo "1830"]
[PlyCount "77"]
[EventDate "2015.??.??"]
[WhiteTeam "SC Münster"]
[BlackTeam "SV Großauheim"]

1. d4 d5 2. c4 c6 3. Nf3 Nf6 4. e3 e6 5. Qc2 Bd6 6. g4 Nbd7 7. c5 Bc7 8. g5 Ne4
9. Nbd2 Nxg5 10. h4 Nxf3+ 11. Nxf3 h6 12. Rg1 Ba5+ 13. Bd2 Bxd2+ 14. Qxd2 Qf6
15. Be2 e5 16. O-O-O e4 17. Ne1 h5 18. f3 g6 19. fxe4 dxe4 20. Ng2 Qe7 21. Rdf1
Nf6 22. Rf4 Nd5 23. Rf2 Bg4 24. Bc4 O-O 25. Bxd5 cxd5 26. Rf4 Qd7 27. Ne1 b6
28. cxb6 axb6 29. Kb1 Qa4 30. a3 b5 31. Nc2 Qc4 32. Rc1 Qc6 33. Nb4 Qd7 34. Rc5
Be6 35. Qe2 Rab8 36. Rf1 Rfc8 37. Rfc1 Rxc5 38. Rxc5 Rb6 39. Qh2 1/2-1/2

[Event "HEM 2015 B Turnier"]
[Site "Frankfurt-Sossenheim"]
[Date "2015.??.??"]
[Round "4.11"]
[White "Pleyer, Christian"]
[Black "Englert, Fred"]
[Result "1/2-1/2"]
[WhiteElo "1683"]
[BlackElo "1795"]
[PlyCount "114"]
[EventDate "2015.??.??"]
[WhiteTeam "SC Langenbieber"]
[BlackTeam "SK Klingenberg"]

1. d4 d5 2. c4 c6 3. Nc3 Nf6 4. Bg5 dxc4 5. a4 Nbd7 6. e4 Qa5 7. Bd2 Qb6 8. Nf3
g6 9. Bxc4 Bg7 10. O-O O-O 11. Qb3 e6 12. a5 Qc7 13. Rfc1 b5 14. Be2 a6 15. e5
Ng4 16. Ng5 Nh6 17. Bf3 Bb7 18. Nce4 Nf5 19. Bc3 h6 20. Nh3 c5 21. Qd1 c4 22.
Bb4 Rfd8 23. Nd6 Bxf3 24. Qxf3 Bf8 25. Nxf5 exf5 26. Bxf8 Nxf8 27. Rd1 Rac8 28.
Nf4 Kg7 29. Nd5 Qb7 30. Nb4 Qxf3 31. gxf3 Ne6 32. Nc2 Rd5 33. Kg2 Nf4+ 34. Kf1
Nd3 35. Rab1 Rcd8 36. b3 cxb3 37. Rxb3 Nxe5 38. Nb4 R5d6 39. d5 Nc4 40. Rbb1
Nxa5 41. Ra1 Nc4 42. Rxa6 Kf6 43. Kg2 g5 44. Ra7 Nb6 45. Ra6 h5 46. Nc6 Rxc6
47. dxc6 Rxd1 48. Rxb6 Rc1 49. c7+ Kg7 50. Rxb5 Rxc7 51. Rxf5 Kg6 52. Rb5 h4
53. Rb6+ f6 54. Rb4 Rc2 55. h3 Ra2 56. f4 Ra5 57. fxg5 fxg5 1/2-1/2

[Event "HEM 2015 B Turnier"]
[Site "Frankfurt-Sossenheim"]
[Date "2015.??.??"]
[Round "4.12"]
[White "Deppe, Leo"]
[Black "Niedenthal, Robert"]
[Result "1-0"]
[WhiteElo "1694"]
[BlackElo "1781"]
[PlyCount "63"]
[EventDate "2015.??.??"]
[WhiteTeam "SC Bad Soden"]
[BlackTeam "SV Hofheim"]

1. d4 Nf6 2. Bg5 Ne4 3. Bf4 e6 4. Nd2 Nf6 5. e3 d5 6. c4 c5 7. Ngf3 Be7 8. Be2
O-O 9. Ne5 b6 10. O-O Bb7 11. Rc1 Nbd7 12. Ndf3 Rc8 13. a3 dxc4 14. Bxc4 Nd5
15. Bg3 N7f6 16. Qe2 Ne4 17. Rfd1 f6 18. Nd3 Qe8 19. Nf4 Kf7 20. dxc5 Rd8 21.
cxb6 Nd6 22. Bxd5 exd5 23. Nxd5 axb6 24. Nxb6 Kg8 25. Rc7 Bxf3 26. Qxf3 Qb5 27.
Nd5 Nc8 28. Nxe7+ Nxe7 29. Rxe7 Qb3 30. Red7 Rxd7 31. Rxd7 Qxb2 32. h3 1-0

[Event "HEM 2015 B Turnier"]
[Site "Frankfurt-Sossenheim"]
[Date "2015.??.??"]
[Round "4.13"]
[White "Hirsch, Gabriel"]
[Black "Vedder, Matthias"]
[Result "1/2-1/2"]
[WhiteElo "1778"]
[BlackElo "1691"]
[PlyCount "70"]
[EventDate "2015.??.??"]
[WhiteTeam "BG Buchen"]
[BlackTeam "SK Marburg"]

1. d4 d5 2. Nf3 Nf6 3. e3 Bg4 4. c4 e6 5. Nc3 c6 6. cxd5 exd5 7. Be2 Bd6 8. O-O
Nbd7 9. h3 Bh5 10. Ne1 Bxe2 11. Qxe2 Qe7 12. Nd3 O-O 13. Bd2 Rfe8 14. Rac1 Ne4
15. Nxe4 Qxe4 16. Nc5 Nxc5 17. dxc5 Bc7 18. b3 Re6 19. Qg4 Qe5 20. f4 Qe4 21.
Qf3 Rae8 22. Qxe4 Rxe4 23. Rfe1 f5 24. Kf2 Kf7 25. Bc3 h6 26. g3 g5 27. Rcd1
Kg6 28. Rd4 gxf4 29. gxf4 Rxd4 30. Bxd4 Rg8 31. Rg1+ Kf7 32. Rxg8 Kxg8 33. b4
a5 34. a3 axb4 35. axb4 Kf7 1/2-1/2

[Event "HEM 2015 B Turnier"]
[Site "Frankfurt-Sossenheim"]
[Date "2015.??.??"]
[Round "4.14"]
[White "Werle, Joshua"]
[Black "Sciurti, Domenico"]
[Result "1-0"]
[WhiteElo "1776"]
[BlackElo "1583"]
[PlyCount "89"]
[EventDate "2015.??.??"]
[WhiteTeam "Frankfurter TV"]
[BlackTeam "SV Großauheim"]

1. d4 f5 2. e4 e6 3. Nc3 g6 4. exf5 exf5 5. Bc4 Nf6 6. Bg5 Bg7 7. Nf3 h6 8.
Bxf6 Bxf6 9. O-O d6 10. Re1+ Kf8 11. Be6 Na6 12. Nd5 Kg7 13. Nf4 Kh7 14. Bf7 g5
15. Ng6 Rg8 16. Bxg8+ Kxg8 17. h4 gxh4 18. Qe2 Kg7 19. Nf4 Bd7 20. Nh5+ Kg6 21.
Nxf6 Qxf6 22. Qe7 Qxe7 23. Rxe7 Bc6 24. Rae1 Bxf3 25. gxf3 Rf8 26. R1e6+ Rf6
27. c3 Rxe6 28. Rxe6+ Kg5 29. b4 c5 30. bxc5 dxc5 31. d5 c4 32. f4+ Kxf4 33. d6
Nc5 34. Re7 Kg4 35. d7 Nxd7 36. Rxd7 h5 37. Rd4+ f4 38. Rxc4 Kh3 39. Rxf4 b5
40. Rf7 a5 41. Rb7 b4 42. cxb4 axb4 43. Rb6 Kg4 44. Rxb4+ Kh3 45. Rb3+ 1-0

[Event "HEM 2015 B Turnier"]
[Site "Frankfurt-Sossenheim"]
[Date "2015.??.??"]
[Round "4.15"]
[White "Lopez, Victor"]
[Black "Lukas, Anne"]
[Result "0-1"]
[WhiteElo "1669"]
[BlackElo "1772"]
[PlyCount "80"]
[EventDate "2015.??.??"]
[WhiteTeam "SC Höchst"]
[BlackTeam "SK Gernsheim"]

1. e4 c5 2. b3 Nc6 3. Nf3 Nf6 4. d3 g6 5. Bb2 Bg7 6. c4 d6 7. Nc3 Bg4 8. Be2
O-O 9. O-O a6 10. h3 Bxf3 11. Bxf3 Rb8 12. Re1 Nd7 13. Qd2 b5 14. Ne2 Nde5 15.
Rab1 bxc4 16. Bxe5 Nxe5 17. dxc4 a5 18. Nc3 Qd7 19. Bd1 Rfd8 20. Bc2 Nc6 21.
Bd3 Nd4 22. Bf1 Ra8 23. Nd5 Rdb8 24. Nc3 Rb7 25. Nb5 Nc6 26. f4 a4 27. e5 dxe5
28. Qxd7 Rxd7 29. fxe5 Nxe5 30. b4 cxb4 31. Rxb4 Nc6 32. Rbb1 Rd2 33. Re2 Rad8
34. Rxd2 Rxd2 35. a3 e6 36. g3 Bf8 37. Nc3 Bxa3 38. Nxa4 Ne5 39. Rb3 Ra2 40.
Nc3 Nf3+ 0-1

[Event "HEM 2015 B Turnier"]
[Site "Frankfurt-Sossenheim"]
[Date "2015.??.??"]
[Round "4.16"]
[White "John, Volkmar"]
[Black "Poetsch, Leonore"]
[Result "1/2-1/2"]
[WhiteElo "1770"]
[BlackElo "1657"]
[PlyCount "51"]
[EventDate "2015.??.??"]
[WhiteTeam "SK Herborn"]
[BlackTeam "SK Langen"]

1. c4 Nf6 2. Nc3 e5 3. Nf3 Nc6 4. g3 Bb4 5. Bg2 O-O 6. d3 d5 7. cxd5 Nxd5 8.
Bd2 Nxc3 9. bxc3 Bc5 10. O-O Be6 11. Qc2 Qd7 12. a4 Rab8 13. Rfd1 Bh3 14. Bh1
h6 15. a5 a6 16. Qc1 Qf5 17. Be3 Be7 18. d4 exd4 19. Nxd4 Nxd4 20. cxd4 Qd7 21.
Bf4 Bd6 22. Bxd6 Qxd6 23. e4 b5 24. axb6 Qxb6 25. Qc4 Rfd8 26. d5 1/2-1/2

[Event "HEM 2015 B Turnier"]
[Site "Frankfurt-Sossenheim"]
[Date "2015.??.??"]
[Round "4.17"]
[White "Genis, Roy"]
[Black "Kuenitz, Klaus"]
[Result "1-0"]
[WhiteElo "1952"]
[BlackElo "1714"]
[PlyCount "25"]
[EventDate "2015.??.??"]
[WhiteTeam "vereinslos, Rodgau"]
[BlackTeam "TSV Schott Mainz"]

1. e4 e5 2. Nf3 Nc6 3. d4 exd4 4. Nxd4 Nxd4 5. Qxd4 d6 6. Nc3 c5 7. Qe3 Nf6 8.
Bc4 a6 9. Bd2 b5 10. Bd5 Nxd5 11. Nxd5 Be6 12. O-O g6 13. Bc3 1-0

[Event "HEM 2015 B Turnier"]
[Site "Frankfurt-Sossenheim"]
[Date "2015.??.??"]
[Round "4.18"]
[White "Zimmer, Sascha"]
[Black "Mauersberger, Uwe"]
[Result "1-0"]
[WhiteElo "1937"]
[BlackElo "1486"]
[PlyCount "41"]
[EventDate "2015.??.??"]
[WhiteTeam "SC Mackenbach"]
[BlackTeam "SC Eschborn"]

1. c4 Nf6 2. Nc3 d5 3. cxd5 Nxd5 4. g3 c6 5. Bg2 g6 6. Nf3 Bg7 7. O-O O-O 8. e4
Nb4 9. d4 Bg4 10. Be3 Qc8 11. a3 N4a6 12. Re1 Rd8 13. b4 c5 14. bxc5 Nxc5 15.
Nd5 Qe6 16. dxc5 Qxe4 17. Nf6+ Bxf6 18. Qxd8+ Kg7 19. Bh6+ Kxh6 20. Rxe4 Bxa1
21. Rxg4 1-0

[Event "HEM 2015 B Turnier"]
[Site "Frankfurt-Sossenheim"]
[Date "2015.??.??"]
[Round "4.19"]
[White "Boerkey, Joel"]
[Black "Froehlich-Dill, Astrid"]
[Result "1-0"]
[WhiteElo "1333"]
[BlackElo "1925"]
[PlyCount "139"]
[EventDate "2015.??.??"]
[WhiteTeam "Wiesbadener SV"]
[BlackTeam "SV Hofheim"]

1. d4 Nf6 2. c4 e6 3. Nf3 b6 4. g3 Bb7 5. Bg2 Bb4+ 6. Bd2 Qe7 7. O-O Bxd2 8.
Qxd2 O-O 9. Nc3 d6 10. Rfd1 Re8 11. Rac1 a6 12. Ne1 Bxg2 13. Nxg2 Nbd7 14. Rc2
Rad8 15. Qe3 Ng4 16. Qf3 f5 17. Ne3 Ndf6 18. Kg2 Rf8 19. Rcd2 Nxe3+ 20. Qxe3
Ng4 21. Qf3 Qg5 22. h3 Nh6 23. e3 Kh8 24. Qb7 Rf7 25. Qxa6 f4 26. exf4 Rxf4 27.
Qb7 Rf7 28. Qe4 Qf6 29. Qe3 d5 30. cxd5 exd5 31. Rf1 Nf5 32. Qe5 Qg6 33. Re2
Nh4+ 34. Kh1 Nf3 35. Qe8+ Rf8 36. Qxg6 hxg6 37. Rd1 Rf5 38. Kg2 c6 39. b4 Rdf8
40. Rd3 g5 41. Nd1 c5 42. Ne3 c4 43. Rd1 R5f7 44. Nxd5 b5 45. Nc3 Rb7 46. Re3
g4 47. hxg4 Ng5 48. Re5 Nf7 49. Rxb5 Rd7 50. Rc5 Nd6 51. Nb5 Nxb5 52. Rxb5 Ra7
53. Rd2 Rfa8 54. Rc5 c3 55. Rxc3 Rxa2 56. Rxa2 Rxa2 57. g5 g6 58. d5 Rd2 59.
Rc5 Kg7 60. b5 Kf7 61. Rc7+ Ke8 62. b6 Kd8 63. Rh7 Kc8 64. b7+ Kb8 65. Rd7 Rb2
66. Kf3 Rb4 67. d6 Rb3+ 68. Ke4 Rb5 69. Rh7 Rxg5 70. d7 1-0

[Event "HEM 2015 B Turnier"]
[Site "Frankfurt-Sossenheim"]
[Date "2015.??.??"]
[Round "4.20"]
[White "Boehme, Jonas"]
[Black "Diehl, Stefan"]
[Result "0-1"]
[WhiteElo "1095"]
[BlackElo "1815"]
[PlyCount "59"]
[EventDate "2015.??.??"]
[WhiteTeam "SG Somplar"]
[BlackTeam "SC Höchst"]

1. f4 c5 2. Nf3 Nf6 3. g3 d5 4. Bg2 Bg4 5. O-O Nc6 6. d3 Qb6 7. Kh1 g6 8. Qe1
Bg7 9. c3 Bxf3 10. Bxf3 h5 11. h4 d4 12. b3 dxc3 13. Nxc3 Nd4 14. Qd2 Nxf3 15.
Rxf3 O-O 16. Bb2 Qe6 17. e4 Rad8 18. f5 Qc6 19. Rc1 Nxe4 20. Nxe4 Qxe4 21. dxe4
Rxd2 22. Bxg7 Kxg7 23. Rxc5 Rxa2 24. Rc7 Rd8 25. Rf1 gxf5 26. exf5 Rdd2 27. Re1
Kf6 28. Rxb7 Rh2+ 29. Kg1 Rag2+ 30. Kf1 0-1

[Event "HEM 2015 B Turnier"]
[Site "Frankfurt-Sossenheim"]
[Date "2015.??.??"]
[Round "4.21"]
[White "Willenbring, Jens-Dirk"]
[Black "Krist, Stephan"]
[Result "1/2-1/2"]
[WhiteElo "1753"]
[BlackElo "1326"]
[PlyCount "41"]
[EventDate "2015.??.??"]
[WhiteTeam "Bad Vilbeler Sfr"]
[BlackTeam "SVG Lauterbach"]

1. d4 d5 2. c4 e6 3. Nc3 Nf6 4. Bg5 Be7 5. Nf3 O-O 6. e3 Nbd7 7. a3 c6 8. Rc1
dxc4 9. Bxc4 Nd5 10. Bxe7 Qxe7 11. O-O Nxc3 12. Rxc3 e5 13. dxe5 Nxe5 14. Nxe5
Qxe5 15. Qc2 Bf5 16. Bd3 Bxd3 17. Rxd3 Rad8 18. Rfd1 Rxd3 19. Rxd3 Qc7 20. Qd2
h6 21. h3 1/2-1/2

[Event "HEM 2015 B Turnier"]
[Site "Frankfurt-Sossenheim"]
[Date "2015.??.??"]
[Round "4.22"]
[White "Davidov, Georgi"]
[Black "Engel, Jan"]
[Result "0-1"]
[WhiteElo "1662"]
[BlackElo "1715"]
[PlyCount "70"]
[EventDate "2015.??.??"]
[WhiteTeam "SC Rotenburg"]
[BlackTeam "Frankfurter TV"]

1. e4 c6 2. d4 d5 3. e5 Bf5 4. Bd3 Bxd3 5. Qxd3 e6 6. Nf3 c5 7. c3 Nc6 8. O-O
cxd4 9. cxd4 Nge7 10. Nc3 Nf5 11. Be3 Be7 12. g4 Nxe3 13. Qxe3 O-O 14. Nd2 Rc8
15. Nb3 a6 16. f4 Qd7 17. f5 f6 18. exf6 Rxf6 19. Na4 exf5 20. Nb6 Qd8 21. Nxc8
Qxc8 22. gxf5 Rxf5 23. Rxf5 Qxf5 24. Rf1 Qg6+ 25. Kh1 Bf6 26. Qe6+ Qf7 27. Qc8+
Nd8 28. Qf5 Nc6 29. Re1 Ne7 30. Qd7 h6 31. Qxb7 Bh4 32. Qb8+ Kh7 33. Qe5 Qf3+
34. Kg1 Bf2+ 35. Kf1 Be3# 0-1

[Event "HEM 2015 B Turnier"]
[Site "Frankfurt-Sossenheim"]
[Date "2015.??.??"]
[Round "4.23"]
[White "Bennewitz, Ralph"]
[Black "Bahlke, Florian"]
[Result "0-1"]
[WhiteElo "1924"]
[BlackElo "1271"]
[PlyCount "82"]
[EventDate "2015.??.??"]
[WhiteTeam "SC Sulzbach"]
[BlackTeam "SF Dettingen"]

1. b3 d5 2. Bb2 e6 3. e3 Nf6 4. Nf3 Be7 5. Be2 O-O 6. O-O b6 7. Ne5 a6 8. d4
Bb7 9. Nd2 Nbd7 10. f4 Nxe5 11. fxe5 Ne4 12. c4 Bg5 13. Rf3 dxc4 14. Nxc4 b5
15. Na5 Bd5 16. b4 Qe7 17. a3 f6 18. Rh3 fxe5 19. Bf3 Bxe3+ 20. Kf1 Nf2 21. Qe2
Nxh3 22. Qxe3 e4 23. Ke1 exf3 24. gxh3 Qh4+ 25. Qf2 Qxh3 26. Rc1 Qg2 27. Rxc7
Rac8 28. Rc1 Rxc1+ 29. Bxc1 Rc8 30. Bd2 Rc2 31. Qe3 Qh1+ 32. Kf2 Qxh2+ 33. Ke1
Qxd2+ 34. Qxd2 Rxd2 35. Kxd2 Kf7 36. Ke3 Kf6 37. Kf2 g5 38. Kg3 h5 39. Kf2 h4
40. Nb3 Bxb3 41. Kxf3 Kf5 0-1

[Event "HEM 2015 B Turnier"]
[Site "Frankfurt-Sossenheim"]
[Date "2015.??.??"]
[Round "4.24"]
[White "Scheerer, Michael"]
[Black "Wiegand, Helmut"]
[Result "1-0"]
[WhiteElo "1450"]
[BlackElo "1956"]
[PlyCount "82"]
[EventDate "2015.??.??"]
[WhiteTeam "SF Frankfurt"]
[BlackTeam "Sfr. Wieseck"]

1. e4 Nc6 2. Nf3 e5 3. Bc4 Be7 4. c3 d6 5. d4 Bg4 6. h3 Bh5 7. Be3 Nf6 8. Nbd2
Bg6 9. dxe5 Nxe5 10. Nxe5 dxe5 11. Qb3 O-O 12. O-O-O Qc8 13. f3 c6 14. g4 b5
15. Be2 a5 16. a4 Nd7 17. h4 h5 18. gxh5 Bxh5 19. Rdg1 Kh7 20. Qd1 Qb8 21. f4
Bxe2 22. Qxe2 Nf6 23. f5 Rh8 24. Bg5 bxa4 25. Bxf6 Bxf6 26. Qc4 Qb7 27. Qxa4
Rab8 28. Nc4 Kg8 29. Qxa5 Qb3 30. Qa6 Rh6 31. Rg2 Bd8 32. Rhg1 Bf6 33. Nd6 Rh8
34. Qxc6 Kh7 35. Qc4 Qb6 36. Qxf7 Qe3+ 37. Kc2 Qh6 38. Rg6 Rxb2+ 39. Kxb2 Qd2+
40. Kb3 Rb8+ 41. Nb7 Qd8 1-0

[Event "HEM 2015 B Turnier"]
[Site "Frankfurt-Sossenheim"]
[Date "2015.??.??"]
[Round "4.25"]
[White "Nesse, David"]
[Black "Krastev, Alexander"]
[Result "0-1"]
[WhiteElo "1553"]
[BlackElo "1940"]
[PlyCount "54"]
[EventDate "2015.??.??"]
[BlackTeam "Biebertaler SF"]

1. e4 c5 2. Nc3 Nc6 3. Bb5 Nd4 4. Bc4 g6 5. Nf3 Bg7 6. Nxd4 cxd4 7. Qf3 Nh6 8.
h3 dxc3 9. bxc3 O-O 10. d4 d6 11. O-O Bd7 12. g4 Rc8 13. Bb3 Kh8 14. Qg2 Rxc3
15. Bb2 Rc8 16. f4 Qb6 17. Rad1 a5 18. c4 a4 19. c5 dxc5 20. dxc5 Qxc5+ 21. Kh1
Bb5 22. Bxg7+ Kxg7 23. Qb2+ Qc3 24. Qf2 Qxh3+ 25. Kg1 Nxg4 26. Qb2+ Qc3 27. Qg2
Ne3 0-1

[Event "HEM 2015 B Turnier"]
[Site "Frankfurt-Sossenheim"]
[Date "2015.??.??"]
[Round "4.26"]
[White "Loehr, Holger"]
[Black "Sciurti, Carmine"]
[Result "1-0"]
[WhiteElo "1837"]
[BlackElo "1233"]
[PlyCount "91"]
[EventDate "2015.??.??"]
[WhiteTeam "SF Braunfels"]
[BlackTeam "SV Großauheim"]

1. e4 c5 2. Nf3 Nc6 3. d4 cxd4 4. Nxd4 Nf6 5. Nc3 e5 6. Ndb5 d6 7. Bg5 a6 8.
Na3 b5 9. Bxf6 gxf6 10. Nd5 Be6 11. c3 Bxd5 12. Qxd5 Qd7 13. Nc2 Rc8 14. Ne3
Qe6 15. Qd2 Bh6 16. Qd3 Ne7 17. Rd1 Kd7 18. a4 Bxe3 19. Qxe3 b4 20. cxb4 Nc6
21. b5 Nd4 22. Bd3 Qb3 23. bxa6 Rc2 24. Bb5+ Nxb5 25. Qxb3 Nd4 26. Rxd4 exd4
27. Qxc2 Ke6 28. f4 h5 29. Qc4+ Ke7 30. Qxd4 Rd8 31. f5 h4 32. Qa7+ Rd7 33.
Qxd7+ Kxd7 34. a7 h3 35. gxh3 d5 36. a8=Q Ke7 37. O-O Kd7 38. Qb7+ Kd6 39. Rc1
Ke5 40. Qxd5+ Kf4 41. Kf2 Kg5 42. Qxf7 Kh6 43. Qxf6+ Kh5 44. Qg7 Kh4 45. Rc8
Kxh3 46. Rh8# 1-0